000 02149nam a2200349 a 4500
001 ebr10482147
003 CaPaEBR
006 m u
007 cr cn|||||||||
008 090318s2010 nyua s 000 0 eng d
010 _z 2009011559
020 _z9781568988788 (alk. paper)
020 _z1568988788 (alk. paper)
040 _aCaPaEBR
_cCaPaEBR
035 _a(OCoLC)769114563
043 _an-us---
050 1 4 _aNA1995
_b.P76 2010eb
082 0 4 _a720.23
_222
245 0 0 _aProvisional
_h[electronic resource] :
_bemerging modes of architectural practice USA /
_cedited by Elite Kedan, Jon Dreyfous, and Craig Mutter.
246 3 0 _aEmerging modes of architectural practice USA
260 _aNew York :
_bPrinceton Architectural Press,
_cc2010.
300 _a288 p. :
_bill. (some col.).
505 0 _aEssays. Beyond? / Marc Tsurumaki ; Convergence : toward a digital practice / Chris Hoxie ; The digital design ecosystem : toward a pre-rational architecture / Paul Seletsky -- Completed projects -- Interviews. Chris Hoxie ; Bruce Nichol of Front -- Diagrams -- Interviews. Paul Lewis, David Lewis, and Marc Tsurumaki of Lewis.Tsurumaki.Lewis ; Gregg Pasquarelli, Christopher Sharples, Coren Sharples, and William Sharples of SHOP -- Mock-ups and renderings -- Interviews. Meejin Yoon of MY Studio ; Dennis Shelden of Gehry Technologies ; David Erdman of Servo -- Construction documents -- Interviews. Eric Bunge and Mimi Hoang of nARCHITECTS ; George Yu of George Yu Architects -- Construction/assembly -- Essays. Spread out : the lateral philosophies of George Yu / Neil Denari ; Postscript.
533 _aElectronic reproduction.
_bPalo Alto, Calif. :
_cebrary,
_d2013.
_nAvailable via World Wide Web.
_nAccess may be limited to ebrary affiliated libraries.
650 0 _aArchitectural practice
_zUnited States.
655 7 _aElectronic books.
_2local
700 1 _aKedan, Elite.
700 1 _aDreyfous, Jon
_q(F. Jonathan)
700 1 _aMutter, Craig.
710 2 _aebrary, Inc.
856 4 0 _uhttp://site.ebrary.com/lib/rucke/Doc?id=10482147
_zAn electronic book accessible through the World Wide Web; click to view
999 _c121618
_d121618